Livy. tomo 10 /
Guardado en:
| Autor Principal: | |
|---|---|
| Formato: | Libro |
| Publicado: |
London :
Heinemann ; Cambridge [massachusetts] : Harvard,
1958
|
| Materias: | |
| Etiquetas: |
Agregar Etiqueta
Sin Etiquetas, Sea el primero en etiquetar este registro!
|
| LEADER | 00592nam a22001815a 4500 | ||
|---|---|---|---|
| 001 | EHU.bham010682 | ||
| 003 | AR-BHAM | ||
| 005 | 20071212163150.0 | ||
| 008 | 130507s1958##################000#0#####d | ||
| 082 | 8 | 7 | |a 878 |
| 100 | 1 | |a Livio, Tito | |
| 245 | 1 | 0 | |a Livy. tomo 10 / |c Tito Livio |
| 260 | |a London : |b Heinemann ; Cambridge [massachusetts] : |b Harvard, |c 1958 | ||
| 300 | |a 491 p. | ||
| 500 | |a With an english translation by Evan T. Sage Texto en inglés y latín | ||
| 505 | 0 | |a Books XXV - XXXVII | |
| 653 | |a Miscelanea latina | ||
| 859 | |a AR-BHAM |b BIB. HUMANIDADES - General |h 878 |i L765 |p 482.59 |t Ej.1 |v X |3 X | ||
